Normal view
MARC view
- بونو، ادوارد دو؛ ترجمة محمد، ايهاب؛ مراجعة عطا،السيد
Entry Personal Name
001 - CONTROL NUMBER
- control field: 37240
003 - CONTROL NUMBER IDENTIFIER
- control field: JO-AjAnu
005 - DATE AND TIME OF LATEST TRANSACTION
- control field: 20230606080219.0
008 - FIXED-LENGTH DATA ELEMENTS
- fixed length control field: 230606|| aca||aabn | a|a d
040 ## - CATALOGING SOURCE
- Original cataloging agency: JO-AjAnu
- Transcribing agency: JO-AjAnu
100 ## - HEADING--PERSONAL NAME
- Personal name: بونو، ادوارد دو؛ ترجمة محمد، ايهاب؛ مراجعة عطا،السيد
670 ## - SOURCE DATA FOUND
- Source citation: Work cat.: (JO-AjAnu)19110: بونو، ادوارد دو؛ ترجمة محمد، ايهاب؛ مراجعة عطا،السيد, author, التفكير العملي = Practical Thinking